| 000 | 01097nam a2200277 i 4500 | ||
|---|---|---|---|
| 001 | 172602 | ||
| 003 | ES-MaACL | ||
| 005 | 20250819044028.0 | ||
| 007 | t| | ||
| 008 | 090724s1943 fr ||||1| fre d | ||
| 080 | _a167/168 | ||
| 100 | 1 |
_aDescartes, René, _d1596-1650 _943838 |
|
| 245 | 1 | 0 |
_aDiscours de la méthode _b: pour bien conduire sa raison et chercher la vérité dans les sciences / _cpar René Descartes ; [introduction par Jean Laporte]. |
| 260 |
_aParis : _bCluny, _c1943. |
||
| 300 |
_a193 p. ; _c18 cm. |
||
| 490 | 1 |
_aBibliothèque de Cluny ; _v9 |
|
| 594 | _aLa Vie de Monsieur Descartes, por M. B. | ||
| 594 | _aLa Doctrine de Descartes, por Madeleine Barthélemy. | ||
| 600 | 1 | 4 |
_aDescartes, René, _d1846-1881- _xCrítica e interpretación _943839 |
| 650 | 0 | 4 |
_aCiencia- _xMetodología _910958 |
| 700 | 1 |
_aLaporte, Jean. _9141115 |
|
| 700 | 1 |
_aBarthélemy-Madaule, Madeleine. _9141116 |
|
| 830 | 0 |
_aBibliothèque de Cluny ; _v9 _9192583 |
|
| 852 | 4 |
_aES-MaACL _jE-12894 _9R.139396 _z. - Biblioteca Jacinto Martínez Lacalle |
|
| 999 |
_c172602 _d172602 |
||